Foo Fighters Lyrics Quiz - Statistics

General Stats
  • This quiz has been taken 256 times
  • The average score is 10 of 40
Answer Stats
Lyrics Song % Correct
2. And I wonder when I sing along with you Everlong
95%
17. Fingernails are good This is a Call
61%
23. Aries or treasons all renew Big Me
50%
26. Give me some hope I'm coming through Rope
50%
37. Now, for the very first time Walk
42%
10. Youth ain't gonna change the way you die Dear Rosemary
41%
5. Mine is yours and yours is mine, I will sacrifice In Your Honor
38%
33. Button up, don't make a sound Arlandria
37%
27. I just kinda died for you Aurora
34%
3. Yeah whatever it is, you go out and it's on Generator
33%
16. We're face to face, my friend Breakout
30%
15. Eyes that can change from blind to blue Hey, Johnny Park!
28%
18. Intravenous, intertwined Let it Die
28%
1. My kind has all run out For All the Cows
26%
6. I think I drink too much Friend of a Friend
26%
29. I still refused all the methods you abused I'll Stick Around
26%
14. You be my passerby Low
26%
8. Does my heaven burn like hell on you? Back & Forth
25%
38. What if I don't? What If I Do?
25%
34. And the ride was shared White Limo
25%
19. Whatever keeps you warm inside Bridge Burning
24%
20. Looks like your bleeding heart has already won Cold Day in the Sun
20%
13. She drains me when I'm empty Have It All
20%
21. Between the handshake and the fuck My Poor Brain
19%
9. I pass the boats in the Kingdome New Way Home
19%
28. Maybe flying machines Enough Space
17%
7. We'll make more promises Erase/Replace
17%
32. Six color pictures, all in a row Marigold
17%
11. I can change but who you want me to be? Stranger Things Have Happened
17%
12. On the ground she comes back down Floaty
15%
22. What is wrong with this animal? Wind Up
15%
35. Just another rock band Wattershed
14%
4. One more time for the very last time Lonely as You
13%
31. Tell my mom I'm doing fine Skin and Bones
11%
25. Don't take what I don't need But, Honestly
9%
39. You're a retard, anyway The Colour and the Shape
9%
30. Sweeter the brew the feeling starts coming back The Deepest Blues are Black
9%
36. I don't doubt that, anyways Oh, George
8%
40. Give me one last wish Cheer Up, Boys
7%
24. Leaving all my senses numb is heaven X-Static
6%
No matching quizzes found
Score Distribution
Percent of People with Each Score
Percentile by Number Answered
Your Score History
You have not taken this quiz